| 000 | 01214nam0a2200313 4500 | ||
|---|---|---|---|
| 001 | RU\NLR\BIBL_A\012005479 | ||
| 005 | 20190522133117.0 | ||
| 010 |
_a978-5-906979-68-1 _92500 |
||
| 021 |
_aRU _bКН-П-19-025542 _9КН-П-19-1935 |
||
| 035 | _a(NLR Aleph) 012005479 | ||
| 035 | _a(RuMoRGB)009941278 | ||
| 090 |
_a11425997 _c11425997 |
||
| 100 | _a20190507d2019 u y0rusy50 ca | ||
| 101 | 1 |
_arus _cger |
|
| 102 | _aRU | ||
| 105 | _aac||zzzz000ay | ||
| 200 | 1 |
_aНастоящие сказки братьев Гримм _e[полное собрание _eперевод с немецкого] _fЯков Гримм, Вильгельм Гримм _g[редактор: Е. Мигунова] |
|
| 210 |
_aМосква _cАлгоритм _d2019 |
||
| 215 |
_a910, [1] с., [8] л. ил., портр. _cил. _d24 |
||
| 333 | _a16+ | ||
| 686 | 1 | _aШ6(4Г)57-440.4(Лх1356.1-50) | |
| 700 | 1 |
_aГримм _bЯ. _f1785-1863 _gЯкоб _3RU\NLR\AUTH\772021 |
|
| 701 | 1 |
_aГримм _bВ. К. _f1786-1859 _gВильгельм Карл _3RU\NLR\AUTH\772018 |
|
| 702 | 1 |
_aМигунова _bЕ. _4340 |
|
| 942 | _cBOOK | ||
| 980 | _aNBR | ||
| 980 | _aNB | ||